Análisis de la variabilidad molecular de Helianthus annuus con marcadores ISSR /

Guardado en:
Autor Principal: Garayalde, Antonio Francisco.
Autor Corporativo: Universidad Nacional del Sur. Departamento de Biología, Bioquímica y Farmacia.
Otros Autores: Carrera, Alicia Delia.
Formato: Manuscrito
Idioma:Spanish
Publicado: [2007].
Materias:
Etiquetas: Agregar Etiqueta
Sin Etiquetas, Sea el primero en etiquetar este registro!
LEADER 00975ntm a22002415a 4500
001 EUN.eunm001552
005 20120906090929.0
008 071031s2007####ag#a#####b####000#0#spa#d
082 0 4 |a 583.55  |2 19 
100 1 |a Garayalde, Antonio Francisco. 
245 1 0 |a Análisis de la variabilidad molecular de Helianthus annuus con marcadores ISSR /  |c alumno: Garayalde, Antonio Francisco ; directora: Carrera, Alicia. 
260 |c [2007]. 
300 |a 29 h. :  |b il. ;  |c 30 cm. 
502 |a Tesina (licenciatura)--Universidad Nacional del Sur. Departamento de Biología, Bioquímica y Farmacia, 2007. 
504 |a Incluye bibliografía. 
650 7 |a Botánica.  |2 unbist 
650 7 |a Girasoles.  |2 unbist 
650 7 |a Fitogenética.  |2 unbist 
653 |a Asteraceae 
653 |a Tesinas 
700 1 |a Carrera, Alicia Delia. 
710 2 |a Universidad Nacional del Sur.  |b Departamento de Biología, Bioquímica y Farmacia. 
859 |a AR-BaUNS  |b BIB. CENTRAL - Sector A  |h 583.55  |i G162  |p 118432/007